8turn members - Statistics

General Stats
  • This quiz has been taken 143 times
  • The average score is 7 of 8
Answer Stats
Picture Answer % Correct
Jaeyun
92%
Myungho
90%
Minho
89%
Yoonsung
87%
Yungyu
83%
Haemin
77%
Kyungmin
77%
Seungheon
74%
No matching quizzes found
Score Distribution
Percent of People with Each Score
Percentile by Number Answered
Your Score History
You have not taken this quiz